Modern marketing communication and consumer surveillance
Marketingová komunikácia v globalizujúcom sa svete. Používanie internetu a problematika narušovania slobôd a súkromia. Ilustráčný príklad na nadnárodnej spoločnosti Google a jej produktov.
Salvato in:
| Autore principale: | |
|---|---|
| Natura: | Capitolo di libro |
| Lingua: | inglese |
| Soggetti: | |
| Tags: |
Nessun Tag, puoi essere il primo ad aggiungerne!!
|
MARC
| LEADER | 00000naa$a2200000$$$4500 | ||
|---|---|---|---|
| 001 | 0081936 | ||
| 005 | 20231011120239.7 | ||
| 041 | 0 | |a eng | |
| 044 | |a SK | ||
| 245 | 1 | 0 | |a Modern marketing communication and consumer surveillance |c Miroslava Heczková |
| 520 | |a Marketingová komunikácia v globalizujúcom sa svete. Používanie internetu a problematika narušovania slobôd a súkromia. Ilustráčný príklad na nadnárodnej spoločnosti Google a jej produktov. | ||
| 610 | 2 | 0 | |a technológie informačné |
| 610 | 2 | 0 | |a ochrana osobnosti |
| 610 | 2 | 0 | |a technológie komunikačné |
| 610 | 2 | 0 | |a komunikácia marketingová |
| 610 | 2 | 0 | |a internet |
| 100 | 1 | |a Heczková, Miroslava | |